Statistics for Des Moines International Airport Destinations (Des Moines, IA, USA)

Click here to take the quiz!

General Stats

  • This quiz has been taken 59 times
  • The average score is 23 of 32

Answer Stats

AirlineDestination% Correct
Delta ConnectionMinneapolis/St. Paul
98%
Delta Air LinesAtlanta
96%
American EagleMiami
96%
Allegiant AirChicago (Midway)
93%
American Eagle/United Airlines/United ExpressChicago (O'Hare)
93%
American Airlines/American EagleDallas/Fort Worth
93%
Frontier Airlines/Southwest Airlines/United Airlines/United ExpressDenver
93%
Allegiant AirHouston (Hobby)
93%
United Airlines/United ExpressHouston (Intercontinental)
93%
Delta ConnectionDetroit
91%
Allegiant Air/Frontier Airlines/Southwest AirlinesLas Vegas
91%
American Eagle/Delta ConnectionNew York (LaGuardia)
91%
Frontier Airlines/Southwest AirlinesOrlando
91%
Allegiant AirOrlando/Sanford
91%
Allegiant AirLos Angeles
89%
American Airlines/American EagleCharlotte
85%
Allegiant AirPhoenix/Mesa
85%
American AirlinesPhoenix (Sky Harbor)
83%
Allegiant AirAustin
78%
Allegiant AirNashville
74%
Allegiant AirPortland (OR)
72%
Southwest AirlinesSt. Louis
72%
Allegiant AirNewark
67%
Allegiant AirFort Lauderdale
65%
Allegiant AirSan Diego
61%
Allegiant AirSarasota
46%
Allegiant AirDestin/Fort Walton Beach
35%
Allegiant AirPunta Gorda (FL)
30%
Allegiant AirOrange County
22%
Allegiant AirPalm Springs
17%
Allegiant AirSt. Petersburgh/Clearwater
17%
American EagleWashington (National)
13%

Score Distribution

Percentile by Number Answered

Percent of People with Each Score

Your Score History

You have not taken this quiz